| 000 | 00660nam a22002057a 4500 | ||
|---|---|---|---|
| 999 |
_c195582 _d195582 |
||
| 005 | 20230406121335.0 | ||
| 010 | _aENG-136630 | ||
| 020 |
_c2450.00 _a9789351436805 |
||
| 035 | _aEN-120151 | ||
| 037 | _bDBAD/PUB | ||
| 082 | _a343.54052 | ||
| 100 | _aChaturvedi | ||
| 245 | 0 | 0 |
_aIncome Tax Law: _cBy Chaturvedi And Pithisaria _bWealth Tax Act 1957/ |
| 250 | _aSixth | ||
| 260 |
_aHaryana _bLexis Nexis _c2016 |
||
| 270 |
_a14th Floor Building No.10, Tower-B, DLF Cyber City Phase 2 Gurgaon _bHaryana _e122002 _mhelpin@lexisnexis.com |
||
| 300 |
_accxl,Vp.; _c25cm(hbk) |
||
| 500 | _aIncludes index | ||
| 942 |
_2ddc _cEN _mCHA _h343.54052 |
||